| 000 | 00790nam a2200241 a 4500 | ||
|---|---|---|---|
| 001 | 70456 | ||
| 003 | BD-RjUL | ||
| 005 | 20211209082014.0 | ||
| 008 | 17041 s1964 uk a 001 0 eng d | ||
| 035 | _a(BD-RjUL)70670 | ||
| 040 |
_aBD-RjUL _beng _cBD-RjUL _dBD-RjUL |
||
| 041 | _aeng | ||
| 082 |
_a541.33 _223 _bREC 1964 |
||
| 245 | 0 | 0 |
_aRecent progress in surface science / _cedited by J.F. Danielli, K.G.A. Pankhurst and A.C. Riddiford |
| 260 |
_aNew York ; _aLondon : _bAcademic Press, _cc1964. |
||
| 300 |
_av. : _bill. ; _c24 cm. |
||
| 500 | _aIncludes index | ||
| 650 | 0 |
_aSurface chemistry _9162403 |
|
| 700 | 1 |
_aDanielli, J. F. _q(James Frederic), _d1911-1984 _9202615 |
|
| 700 | 1 |
_aPankhurst, Kenneth George Alfred. _9208592 |
|
| 700 | 1 |
_aRiddiford, A. C. _9208593 |
|
| 942 |
_2ddc _cBK |
||
| 999 |
_c70456 _d70456 |
||